Rozpoznaj Rapera Po Hicie |Część 2| 2019/2020 - Statystyki

Ogólne statystyki
  • Ten quiz został rozwiązany 303 razy
  • Średni wynik to 13 z 15
Statystyki odpowiedzi
TYTUŁ RAPER % Poprawnych
PATOINTELIGENCJA MATA
97%
JESTEŚ ŁADNIEJSZ NIŻ NA ZDJĘCIACH (NA ZAWSZE) BEDOES | LANEK
96%
MATA MONTANA MATA
95%
SZUBIENICAPESTYCYDYBROŃ QUEBONAFIDE
94%
NADCHODZI LATO BEDOES | LANEK
93%
BUBBLETEA QUEBONAFIDE | DARIA ZAWIAŁOW
92%
POZA KONTROLĄ TYMEK
91%
MŁODY BOSS ŻABSON
89%
W IMIĘ OJCA TRAPU BIAŁAS
88%
PAŁAC WHITE 2115
81%
SMALL TOWN BOY ŻABSON | BETEO | WHITE 2115
81%
BALI GEDZ
78%
NIEDOSTĘPNY MALIK MONTANA | OLEK | DMN
73%
ROMANS TYMEK
63%
SCOOBY DOO WAC TOJA
60%
Nie znaleziono quizów pasujących do podanych kryteriów
Rozkład punktacji
Procent ludzi z każdym wynikiem
Percentyl według liczby udzielonych odpowiedzi
Twoja historia wyników
Nie rozwiązałeś tego quizu